Music Quiz

Random Music or Artist Quiz

Eurovision Artists 15-19 by Letter Quiz Stats

 Plays Quiz not verified by Sporcle

Score 0/24 Timer 10:00
1 Play Today
Letter Artist(s) % Correct
SSaara Aalto, Salvador Sobral, Samra, Sandhja, Sanja Ilić & Balkanika, Sanja Vučić, Sarah McTernan, Sebastian Rejman, Sennek, Sergey Lazarev, Serhat, Sevak Khanagyan, S!sters, Slavko Kalezić, Srbuk, Stig Rästa, SunStroke Project, SuRie, Svala
94%
JJacques Houdek, Jala, Jamala, Jaime-Lee, Jana Burčeska, Jenifer Brening, Jessica Mauboy, Jessika, Jimmie Wilson, Joe and Jake, Joci Pápai, John Karayiannis, John Lundvik, Jonida Maliqi, JOWST, Julia Samoylova, Jüri Pootsmann, Jurijus, Justs
88.7%
MMadame Monsieur, Mahmood, Maimuna, Manel Navarro, Måns Zelmerlöw, ManuElla, Maraaya, Maria Ólafs, Maria Elena Kyriakou, Marta Jandová, Martina Bárta, Mélanie René, Mélovin...
87.4%
AAgnete, Aisel, Alekseev, Alex Florea, Alexander Rybak, Alfred García, Alma, Amaia Romero, Amber, Amir, Ana Ručner, Anita Simoncini, Anja Nissen, Ann Sophie, Anna Odobescu, Anti Social Media, Argo, Ari Ólafsson, Artsvik, AWS
85.4%
DD-Moll, Dalal, Dami Im, Daniel Kajmakoski, Darude, Debrah Scarlett, Deen, Demy, Dihaj, Donny Montell, DoReDos, Douwe Bob, Duncan Laurence
85.4%
KKaliopi, Kasia Mos, Kate Miller-Heidke, Katerine Duska, KEiiNO, Knez, Kobi Marimi, Koit Toome, Kristian Kostov
84.8%
LLake Malawi, Laura, Laura Rizzotto, Laura Tesoro, Lea Sirk, Leonor Andrade, Leonora, Levina, Lidia Isac, Lighthouse X, Lindita, Lisa Angell, Loïc Nottet, Luca Hänni, Lucie Jones, Lukas Meijer
84.8%
EEduard Romanyuta, Edurne, Electro Velvet, Eleni Foureira, Elhaida Dani, Elina Born, Elina Nechayeva, Eliot, Elnur Hüseynov, Eneda Tarifa, Ermal Meta, Ester Peony, Eugent Bushpepa, Equinox, Eye Cue
83.4%
NNadav Guedj, Nathan Trent, Naviband, Netta, Nevena Božović, Nicky Byrne, Nika Kocharov & Young Georgian Lolitaz, Nina Kraljić, Nina Sublatti, Norma John
82.1%
TTamara Gachechiladze, Tamara Todevska, Tamta, The Humans, The Makemakes, Tijana Bogićević, Timebelle, Triana Park, Trijntje Oosterhuis, Tulia
77.5%
BBarei, Benjamin Ingrosso, Bilal Hassani, Blanche, Boggie, Bojana Stamenov, Brendan Murray
76.2%
ZZala Kralj & Gašper Šantl, Zena, ZiBBZ, Zoë
76.2%
Letter Artist(s) % Correct
CCarousel, César Sampson, Chingiz, Christabelle, Claudia Faniello, Cláudia Pascoal, Conan Osíris
74.8%
HHatari, Highway, Hovi Star, Hovig
70.9%
IIeva Zasimauskaitė, Il Volo, Ilinca, Imri, Ira Losco, Iriao, Isaiah, Ivan, Iveta Mukuchyan
68.9%
RRasmussen, Robin Bengtsson, Roko, Ryan O'Shaughnessy, Rykka
66.2%
FFabrizio Moro, Francesca Michielin, Francesco Gabbani, Franka, Frans, Freddie, Fusedmarc
64.9%
OO'G3NE, O.Torvald, Omar Naber, Oto Nemsadze
63.6%
VVaćlav Noid Bárta, Vaidas Baumila, Valentina Monetta, Vanja Radovanović, Victor Crone, Voltaj
57.6%
PPænda, Pertti Kurikan Nimipäivät, Poli Genova, Polina Gagarina
57%
GGabriela Gunčiková, Genealogy, Greta Salóme, Gromee, Guy Sebastian
51%
WWaylon
47.7%
YYianna Terzi
27.2%
UUzari
17.2%

You're not logged in!

Compare scores with friends on all Sporcle quizzes.
OR
Log In

Show Comments

Extras

Top Quizzes Today


Score Distribution

Your Account Isn't Verified!

In order to create a playlist on Sporcle, you need to verify the email address you used during registration. Go to your Sporcle Settings to finish the process.

Report this User

Report this user for behavior that violates our Community Guidelines.

Details: